World Banknotes - Statistics

General Stats
  • This quiz has been taken 131 times
  • The average score is 6 of 10
Answer Stats
Picture Answer % Correct
Laos
90%
Qatar
89%
Philippines
83%
Japan
80%
Canada
74%
Trinidad and Tobago
73%
Nepal
72%
Zimbabwe
72%
Costa Rica
71%
Syria
70%
Sweden
69%
Czech Republic
67%
Haiti
63%
Armenia
60%
Bahamas
59%
Ukraine
59%
Nigeria
58%
Kazakhstan
57%
Argentina
56%
Australia
55%
Sri Lanka
55%
Oman
53%
Serbia
53%
South Sudan
53%
Democratic Republic of the Congo
45%
Fiji
44%
Guyana
44%
Guatemala
40%
Afghanistan
39%
Samoa
36%
Bolivia
35%
Morocco
33%
Seychelles
31%
Papua New Guinea
29%
Egypt
23%
Guinea
0%
No matching quizzes found
Score Distribution
Percent of People with Each Score
Percentile by Number Answered
Your Score History
You have not taken this quiz